[Event "Ch-Paris Int"]
[Site "Coubertin FRA"]
[Date "2009.07.06"]
[Round "3"]
[White "Del Rey, D."]
[Black "Salaun, Y."]
[Result "0-1"]
[WhiteElo "2420"]
[BlackElo "2329"]
[PlyCount "138"]
[EventDate "2009.07.04"]
[EventType "swiss"]
[EventRounds "9"]
[EventCountry "FRA"]
[Source "Mark Crowther"]
[SourceDate "2009.07.13"]

1. d4 Nf6 2. c4 e6 3. Nf3 b6 4. Bf4 Ba6 5. e3 Bb4+ 6. Nfd2 O-O 7. Bd3 d5 8. O-O
c5 9. dxc5 bxc5 10. Qc2 Nbd7 11. Nf3 Re8 12. Ne5 Nxe5 13. Bxe5 Nd7 14. Bg3 Qf6
15. Rd1 Nb6 16. cxd5 Bxd3 17. Rxd3 exd5 18. Nc3 d4 19. Nb5 dxe3 20. Rxe3 Rxe3
21. fxe3 c4 22. Nd4 g6 23. Rf1 Qg5 24. Bf4 Qd5 25. Qf2 Re8 26. Bh6 Bf8 27. Bxf8
Rxf8 28. Qf6 Nd7 29. Qe7 Ne5 30. Qxa7 Ra8 31. Qb6 Rxa2 32. e4 Qa8 33. h3 Qe8
34. Qb4 Ra8 35. Ne2 Rb8 36. Qc3 Rb3 37. Qd4 Rd3 38. Qc5 Rd2 39. Nc3 Qb8 40. Qe7
Rxb2 41. Nd5 Rb7 42. Qh4 Kg7 43. Qf6+ Kg8 44. Kh1 h6 45. Qf4 Rb1 46. Rxb1 Qxb1+
47. Kh2 Qb8 48. Kh1 Kh7 49. Qc1 Qd6 50. Qa1 h5 51. Qd4 g5 52. Qf2 Kh6 53. h4
Ng4 54. hxg5+ Kxg5 55. Qd2+ Kh4 56. Qe1+ Qg3 57. Qxg3+ Kxg3 58. Kg1 Ne5 59. Kf1
h4 60. Nc3 Nd3 61. Ne2+ Kg4 62. Kg1 Nf4 63. Nd4 Ne6 64. Ne2 Nc5 65. Kf2 Nxe4+
66. Ke3 f5 67. Kd4 c3 68. Kd3 h3 69. gxh3+ Kxh3 0-1

[Event "Ch-Paris Int"]
[Site "Coubertin FRA"]
[Date "2009.07.06"]
[Round "3"]
[White "David, Alb"]
[Black "Karavade, E."]
[Result "1-0"]
[WhiteElo "2565"]
[BlackElo "2386"]
[PlyCount "83"]
[EventDate "2009.07.04"]
[EventType "swiss"]
[EventRounds "9"]
[EventCountry "FRA"]
[Source "Mark Crowther"]
[SourceDate "2009.07.13"]

1. e4 c5 2. c3 Nf6 3. e5 Nd5 4. Nf3 e6 5. d4 cxd4 6. cxd4 d6 7. Bc4 Nb6 8. Bb3
Nc6 9. exd6 Bxd6 10. Nc3 O-O 11. O-O Nd5 12. Bg5 Be7 13. Bxd5 Bxg5 14. Bxc6
bxc6 15. Ne4 Be7 16. Qc2 Qd5 17. Rfd1 Rb8 18. b3 Rd8 19. Nc5 Bd7 20. Rac1 Be8
21. Qe2 h6 22. h3 Rb5 23. Qe1 Qh5 24. b4 Qd5 25. a3 Rbb8 26. Qe2 Rb6 27. Rd3
Rb5 28. Re3 Bf6 29. Rc4 Rbb8 30. Nb3 Qd6 31. Na5 Rdc8 32. Qc2 Bd8 33. Nb3 a5
34. Nxa5 Bxa5 35. bxa5 Rb5 36. Re5 Rxe5 37. Nxe5 Qxa3 38. Ra4 Qe7 39. Qc5 Qxc5
40. dxc5 Ra8 41. a6 Ra7 42. Nc4 1-0

[Event "Ch-Paris Int"]
[Site "Coubertin FRA"]
[Date "2009.07.06"]
[Round "3"]
[White "Sethuraman, S."]
[Black "Ider, B."]
[Result "1/2-1/2"]
[WhiteElo "2455"]
[BlackElo "2234"]
[PlyCount "96"]
[EventDate "2009.07.04"]
[EventType "swiss"]
[EventRounds "9"]
[EventCountry "FRA"]
[Source "Mark Crowther"]
[SourceDate "2009.07.13"]

1. e4 e6 2. d4 d5 3. Nd2 c5 4. Ngf3 cxd4 5. exd5 Qxd5 6. Bc4 Qd6 7. O-O Nf6 8.
Nb3 Nc6 9. Nbxd4 Nxd4 10. Nxd4 a6 11. Re1 Qc7 12. Bb3 Bd7 13. Bg5 Bd6 14. h3
O-O-O 15. Qf3 Be5 16. Qe3 Bh2+ 17. Kh1 Bd6 18. Qf3 Be5 19. Rad1 h6 20. Bh4 Bxd4
21. Rxd4 Bc6 22. Qe3 Rxd4 23. Qxd4 Rd8 24. Qa7 Qb8 25. Qe3 Qd6 26. Bg3 Qd4 27.
Qxd4 Rxd4 28. Be5 Re4 29. Rxe4 Bxe4 30. f3 Bc6 31. Bd6 g6 32. Kh2 Bd5 33. c4
Bc6 34. Bc2 Kd7 35. Bf8 h5 36. b4 Ne8 37. Bb3 b5 38. h4 e5 39. Bc5 Nc7 40. Bb6
Ne6 41. Ba7 f5 42. Bb8 f4 43. cxb5 Nd4 44. Bd1 axb5 45. Bc7 Nf5 46. Be2 Bd5 47.
Bd8 Nd4 48. Bc7 Nxe2 1/2-1/2

[Event "Ch-Paris Int"]
[Site "Coubertin FRA"]
[Date "2009.07.06"]
[Round "3"]
[White "Kazhgaleyev, M."]
[Black "Satyapragyan, S."]
[Result "1/2-1/2"]
[WhiteElo "2639"]
[BlackElo "2423"]
[PlyCount "148"]
[EventDate "2009.07.04"]
[EventType "swiss"]
[EventRounds "9"]
[EventCountry "FRA"]
[Source "Mark Crowther"]
[SourceDate "2009.07.13"]

1. d4 Nf6 2. c4 c5 3. d5 e5 4. Nc3 d6 5. e4 Nbd7 6. g3 a6 7. a4 Be7 8. h4 O-O
9. Bh3 Rb8 10. Qc2 Ne8 11. Nge2 Kh8 12. b3 b6 13. Bb2 Ndf6 14. Bxc8 Qxc8 15. f3
Ng8 16. Rf1 Nc7 17. Nd1 f5 18. exf5 Rxf5 19. Ne3 Rf8 20. Kf2 Qh3 21. Rh1 Qd7
22. Kg2 Rf7 23. Bc3 Rbf8 24. Raf1 Nf6 25. h5 Ng8 26. f4 Bf6 27. fxe5 dxe5 28.
Qf5 Qe7 29. Ng4 Nh6 30. Qe4 Nxg4 31. Qxg4 h6 32. Rf2 Ne8 33. Rhf1 Nd6 34. Qg6
b5 35. Qg4 bxc4 36. bxc4 Qe8 37. a5 Qa4 38. Kh3 Qxc4 39. Qxc4 Nxc4 40. Rc1 Bg5
41. Rxf7 Rxf7 42. Rb1 Rf2 43. Ng1 Kh7 44. Rb8 Be3 45. Rb1 Bd4 46. Rc1 Nd6 47.
Be1 Rf5 48. Ne2 Rxh5+ 49. Kg2 e4 50. Rb1 Rxd5 51. Nf4 Rf5 52. Rb6 Nc4 53. Rxa6
Ne3+ 54. Kh3 Nc2 55. Bd2 e3 56. Bc1 c4 57. Ne2 Bc5 58. Rc6 Nb4 59. Re6 Nd3 60.
Bxe3 Bxe3 61. Rxe3 Rxa5 62. Nc3 Ra3 63. Nd5 Nf2+ 64. Kg2 Ra2 65. Kf3 Nd3 66.
Re7 Ra5 67. Ke4 Nf2+ 68. Kd4 Ra3 69. Nf6+ Kg6 70. Ne8 Nh1 71. Rxg7+ Kf5 72.
Nd6+ Kf6 73. Ne8+ Kf5 74. Nd6+ Kf6 1/2-1/2

[Event "Ch-Paris Int"]
[Site "Coubertin FRA"]
[Date "2009.07.06"]
[Round "3"]
[White "Govciyan, P."]
[Black "Negi, P."]
[Result "1/2-1/2"]
[WhiteElo "2438"]
[BlackElo "2590"]
[PlyCount "61"]
[EventDate "2009.07.04"]
[EventType "swiss"]
[EventRounds "9"]
[EventCountry "FRA"]
[Source "Mark Crowther"]
[SourceDate "2009.07.13"]

1. d4 Nf6 2. c4 g6 3. Nc3 d5 4. Bf4 Bg7 5. e3 c5 6. dxc5 Qa5 7. Rc1 dxc4 8.
Bxc4 O-O 9. Nge2 Qxc5 10. Qb3 Nc6 11. Nb5 Qh5 12. Ng3 Qh4 13. Nc7 e5 14. Bxe5
Nxe5 15. Nxa8 b6 16. Nc7 Bb7 17. Bd5 Nxd5 18. Nxd5 Bxd5 19. Qxd5 Rd8 20. Qb3
Nd3+ 21. Ke2 Nxc1+ 22. Rxc1 Be5 23. Qb5 Bxg3 24. hxg3 Qg4+ 25. Ke1 Qe4 26. Rd1
Rxd1+ 27. Kxd1 Qb1+ 28. Kd2 Qxa2 29. Qe8+ Kg7 30. Qe5+ Kg8 31. Qe8+ 1/2-1/2

[Event "Ch-Paris Int"]
[Site "Coubertin FRA"]
[Date "2009.07.06"]
[Round "3"]
[White "Shirazi, K."]
[Black "Sriram, J."]
[Result "0-1"]
[WhiteElo "2384"]
[BlackElo "2459"]
[PlyCount "76"]
[EventDate "2009.07.04"]
[EventType "swiss"]
[EventRounds "9"]
[EventCountry "FRA"]
[Source "Mark Crowther"]
[SourceDate "2009.07.13"]

1. e4 e5 2. Bc4 Nf6 3. d3 Nc6 4. f4 d5 5. exd5 Nxd5 6. fxe5 Nb6 7. Bb5 Qh4+ 8.
Kf1 Bc5 9. Qe1 Qxe1+ 10. Kxe1 Bd7 11. Bxc6 Bxc6 12. Nf3 O-O-O 13. Ke2 Rhe8 14.
Nc3 Nd7 15. Bf4 f6 16. Ne4 Bxe4 17. dxe4 g5 18. Bg3 g4 19. Nd2 Nxe5 20. Rhf1
Nc4 21. Rfd1 Nxb2 22. c3 Nxd1 23. Rxd1 Bd6 24. Rf1 Bxg3 25. hxg3 Rd6 26. Rh1
Red8 27. Nc4 Re6 28. Ke3 Rc6 29. Na5 Rxc3+ 30. Kf4 Rd7 31. Rh6 Rc2 32. Kxg4
Rxa2 33. Nb3 Rg7+ 34. Kf4 Rf2+ 35. Ke3 Rxg2 36. Nd4 R2xg3+ 37. Kf4 R3g4+ 38.
Kf3 R4g6 0-1

[Event "Ch-Paris Int"]
[Site "Coubertin FRA"]
[Date "2009.07.06"]
[Round "3"]
[White "Brochet, P."]
[Black "Deepan, C."]
[Result "1/2-1/2"]
[WhiteElo "2373"]
[BlackElo "2506"]
[PlyCount "60"]
[EventDate "2009.07.04"]
[EventType "swiss"]
[EventRounds "9"]
[EventCountry "FRA"]
[Source "Mark Crowther"]
[SourceDate "2009.07.13"]

1. e4 c5 2. b3 d6 3. Bb2 Nf6 4. Bxf6 gxf6 5. Qh5 Nc6 6. Nc3 a6 7. f4 Nd4 8. Bd3
e6 9. Nf3 Nxf3+ 10. gxf3 Qe7 11. O-O-O Bd7 12. f5 O-O-O 13. Rde1 Re8 14. Re2
Kb8 15. Rg1 Ka7 16. f4 Bc6 17. fxe6 fxe6 18. f5 Qd8 19. fxe6 Rxe6 20. Qf7 Re5
21. Rf2 Be7 22. Nd5 Bxd5 23. exd5 h5 24. Rf5 Rf8 25. Qxh5 Rh8 26. Qf7 Rxf5 27.
Bxf5 Rxh2 28. a4 Bf8 29. Rg8 Qa5 30. Qxf8 Qxd2+ 1/2-1/2

[Event "Ch-Paris Int"]
[Site "Coubertin FRA"]
[Date "2009.07.06"]
[Round "3"]
[White "Zherebukh, Y."]
[Black "Bernard, Ch"]
[Result "1-0"]
[WhiteElo "2541"]
[BlackElo "2361"]
[PlyCount "59"]
[EventDate "2009.07.04"]
[EventType "swiss"]
[EventRounds "9"]
[EventCountry "FRA"]
[Source "Mark Crowther"]
[SourceDate "2009.07.13"]

1. d4 Nf6 2. Nf3 g6 3. Nbd2 d5 4. e3 Bg7 5. b4 O-O 6. Bb2 a5 7. b5 Nbd7 8. c4
dxc4 9. Nxc4 Ne4 10. Bd3 Nd6 11. a4 Nxc4 12. Bxc4 c5 13. bxc6 bxc6 14. O-O c5
15. Qe2 Bb7 16. d5 Bxb2 17. Qxb2 Nb6 18. e4 Nxc4 19. Qxb7 Nd6 20. Qb1 Rb8 21.
Qc2 Rb4 22. e5 Nc4 23. Rfd1 Qc7 24. Qe2 Rd8 25. Rac1 Nb6 26. d6 exd6 27. exd6
Qc6 28. Qe7 Re8 29. Ne5 Rxe7 30. dxe7 1-0

[Event "Ch-Paris Int"]
[Site "Coubertin FRA"]
[Date "2009.07.06"]
[Round "3"]
[White "Aranovitch, E."]
[Black "Shchekachev, A."]
[Result "1/2-1/2"]
[WhiteElo "2356"]
[BlackElo "2530"]
[PlyCount "59"]
[EventDate "2009.07.04"]
[EventType "swiss"]
[EventRounds "9"]
[EventCountry "FRA"]
[Source "Mark Crowther"]
[SourceDate "2009.07.13"]

1. e4 d6 2. d4 Nf6 3. Nc3 g6 4. Nf3 Bg7 5. Be2 O-O 6. O-O c6 7. a4 Qc7 8. h3
Nbd7 9. Re1 e5 10. d5 cxd5 11. exd5 a6 12. Nd2 Nb6 13. Bf3 Ne8 14. a5 Nd7 15.
Be2 b5 16. axb6 Nxb6 17. Nb3 Nf6 18. Na5 Bd7 19. Bg5 Na4 20. Nxa4 Qxa5 21. Be3
Bxa4 22. b3 Nxd5 23. Rxa4 Nxe3 24. Rxa5 Nxd1 25. Rxd1 Rfc8 26. Bc4 Bf8 27. Rda1
Kg7 28. R1a2 Rc5 29. Rxc5 dxc5 30. Rxa6 1/2-1/2

[Event "Ch-Paris Int"]
[Site "Coubertin FRA"]
[Date "2009.07.06"]
[Round "3"]
[White "Akshayraj, K."]
[Black "Moussard, J."]
[Result "0-1"]
[WhiteElo "2411"]
[BlackElo "2292"]
[PlyCount "45"]
[EventDate "2009.07.04"]
[EventType "swiss"]
[EventRounds "9"]
[EventCountry "FRA"]
[Source "Mark Crowther"]
[SourceDate "2009.07.13"]

1. b3 c5 2. Bb2 Nc6 3. c4 e5 4. Nc3 d6 5. g3 g6 6. Bg2 Bg7 7. e3 Nge7 8. Nge2
Be6 9. d3 d5 10. O-O O-O 11. e4 dxc4 12. bxc4 Qd7 13. Nd5 f5 14. f4 fxe4 15.
dxe4 Bg4 16. Qd2 Rfe8 17. Ndc3 Nd4 18. f5 Nd5 19. Nxd5 gxf5 20. h3 f4 21. hxg4
Qxg4 22. Qd1 f3 23. Kh2 0-1

[Event "Ch-Paris Int"]
[Site "Coubertin FRA"]
[Date "2009.07.06"]
[Round "3"]
[White "Van Dongen, P."]
[Black "Roser, K."]
[Result "0-1"]
[WhiteElo "2344"]
[BlackElo "2431"]
[PlyCount "41"]
[EventDate "2009.07.04"]
[EventType "swiss"]
[EventRounds "9"]
[EventCountry "FRA"]
[Source "Mark Crowther"]
[SourceDate "2009.07.13"]

1. e4 c5 2. c3 Nf6 3. e5 Nd5 4. d4 cxd4 5. Nf3 Nc6 6. Bc4 e6 7. Bxd5 exd5 8.
O-O d6 9. Re1 Be7 10. exd6 Qxd6 11. Bg5 Bg4 12. cxd4 f6 13. Nc3 O-O 14. h3 Rad8
15. a3 Qd7 16. Ne5 Rfe8 17. Nxd7 Bxd1 18. Nc5 Bb3 19. N3e4 Bc2 20. Nd2 Nxd4 21.
Kf1 0-1

[Event "Ch-Paris Int"]
[Site "Coubertin FRA"]
[Date "2009.07.07"]
[Round "4"]
[White "Negi, P."]
[Black "David, Alb"]
[Result "1/2-1/2"]
[WhiteElo "2590"]
[BlackElo "2565"]
[PlyCount "144"]
[EventDate "2009.07.04"]
[EventType "swiss"]
[EventRounds "9"]
[EventCountry "FRA"]
[Source "Mark Crowther"]
[SourceDate "2009.07.13"]

1. e4 c5 2. Nf3 e6 3. d4 cxd4 4. Nxd4 a6 5. Bd3 Bc5 6. Nb3 Be7 7. Qg4 g6 8. Qe2
d6 9. a4 Nc6 10. O-O Ne5 11. a5 Nf6 12. Be3 Bd7 13. N1d2 O-O 14. f4 Nxd3 15.
cxd3 Bb5 16. Rac1 Rc8 17. Rxc8 Qxc8 18. Rc1 Qd7 19. Nd4 Re8 20. h3 e5 21. Nxb5
Qxb5 22. fxe5 Qxe5 23. Rf1 Qxb2 24. Qf3 Qe5 25. d4 Qxa5 26. e5 dxe5 27. Ne4 Qd8
28. Nxf6+ Bxf6 29. Qxf6 Qxf6 30. Rxf6 exd4 31. Bxd4 Rd8 32. Bb2 Rd1+ 33. Kh2 h5
34. Rb6 Rd7 35. Kg3 Kf8 36. Kf4 Ke8 37. Bf6 Rd5 38. Ke4 Rd7 39. Ke5 Rc7 40. Rd6
Rd7 41. g3 a5 42. Rb6 Rc7 43. Kd6 Rd7+ 44. Kc5 a4 45. Kb4 Rd3 46. Kxa4 Kd7 47.
Rxb7+ Ke6 48. Rb6+ Kf5 49. Bh4 Ke4 50. Kb4 Kf3 51. Kc4 Rd7 52. Rb2 Rd1 53. Rb7
Kg2 54. Rxf7 Kxh3 55. Rg7 Rd6 56. Kc5 Ra6 57. Kd4 Kg4 58. Ke4 Ra4+ 59. Ke3 Ra3+
60. Kd4 Ra4+ 61. Kc5 Ra6 62. Be7 Kxg3 63. Bd6+ Rxd6 64. Kxd6 h4 65. Rxg6+ Kf3
66. Rh6 Kg3 67. Ke5 h3 68. Ke4 h2 69. Ke3 Kg2 70. Rg6+ Kf1 71. Rh6 Kg2 72.
Rxh2+ Kxh2 1/2-1/2

[Event "Ch-Paris Int"]
[Site "Coubertin FRA"]
[Date "2009.07.07"]
[Round "4"]
[White "Ider, B."]
[Black "Kazhgaleyev, M."]
[Result "0-1"]
[WhiteElo "2234"]
[BlackElo "2639"]
[PlyCount "64"]
[EventDate "2009.07.04"]
[EventType "swiss"]
[EventRounds "9"]
[EventCountry "FRA"]
[Source "Mark Crowther"]
[SourceDate "2009.07.13"]

1. d4 d6 2. Nf3 g6 3. Bf4 Bg7 4. e3 Nf6 5. Bc4 O-O 6. O-O Nfd7 7. h3 Nc6 8. c3
e5 9. Bh2 Qe7 10. Re1 Nb6 11. Bb3 Na5 12. Bc2 f5 13. b4 Nc6 14. Bb3+ Kh8 15. a4
a6 16. Nfd2 Be6 17. a5 Bxb3 18. Qxb3 Nd7 19. d5 Nd8 20. e4 Nf7 21. c4 Bh6 22.
Qc2 Qh4 23. c5 Nf6 24. Nc3 Bxd2 25. Qxd2 Ng5 26. Bg3 Qh5 27. f3 f4 28. h4 Nxf3+
29. gxf3 fxg3 30. Kg2 Qxh4 31. Rh1 Qf4 32. Qd3 Ng4 0-1

[Event "Ch-Paris Int"]
[Site "Coubertin FRA"]
[Date "2009.07.07"]
[Round "4"]
[White "Satyapragyan, S."]
[Black "Alsina Leal, D."]
[Result "1/2-1/2"]
[WhiteElo "2423"]
[BlackElo "2529"]
[PlyCount "58"]
[EventDate "2009.07.04"]
[EventType "swiss"]
[EventRounds "9"]
[EventCountry "FRA"]
[Source "Mark Crowther"]
[SourceDate "2009.07.13"]

1. e4 c5 2. Nc3 d6 3. Nf3 Nf6 4. d4 cxd4 5. Nxd4 a6 6. Be3 e5 7. Nf3 Be7 8. Bc4
O-O 9. O-O Be6 10. Bb3 Nc6 11. Qe2 Na5 12. Rfd1 Qc7 13. Bg5 Rac8 14. Nh4 g6 15.
g3 Nc6 16. Nf3 Na5 17. Ne1 Nxb3 18. cxb3 Ne8 19. Bh6 Ng7 20. Ng2 f5 21. Rd2
fxe4 22. Qxe4 Rf7 23. Bxg7 Kxg7 24. Nf4 Bf5 25. Qxf5 gxf5 26. Ne6+ Kg6 27. Nd5
Bf8 28. Rad1 Rd7 29. Rd3 Re7 1/2-1/2

[Event "Ch-Paris Int"]
[Site "Coubertin FRA"]
[Date "2009.07.07"]
[Round "4"]
[White "Deepan, C."]
[Black "Sethuraman, S."]
[Result "1-0"]
[WhiteElo "2506"]
[BlackElo "2455"]
[PlyCount "69"]
[EventDate "2009.07.04"]
[EventType "swiss"]
[EventRounds "9"]
[EventCountry "FRA"]
[Source "Mark Crowther"]
[SourceDate "2009.07.13"]

1. e4 e5 2. Nf3 Nc6 3. Bc4 Bc5 4. c3 Nf6 5. d3 O-O 6. Bb3 d5 7. Nbd2 Re8 8. h3
h6 9. Qe2 a5 10. a4 Be6 11. g4 Bf8 12. Bc2 Nd7 13. Nf1 Nc5 14. Ng3 dxe4 15.
dxe4 Bb3 16. O-O Bxc2 17. Qxc2 Qd3 18. Qxd3 Nxd3 19. Be3 Nxb2 20. Rfb1 Nc4 21.
Rxb7 Nxe3 22. fxe3 Rac8 23. Kf2 Bc5 24. Rb5 Bb6 25. Ke2 f6 26. Nd2 Nb8 27. Nh1
Nd7 28. Nf2 Re6 29. Nd3 Kf7 30. Rab1 Rc6 31. c4 Rd8 32. Rd5 Ke7 33. Rbb5 Nb8
34. c5 Ba7 35. Rb7 1-0

[Event "Ch-Paris Int"]
[Site "Coubertin FRA"]
[Date "2009.07.07"]
[Round "4"]
[White "Sriram, J."]
[Black "Govciyan, P."]
[Result "1-0"]
[WhiteElo "2459"]
[BlackElo "2438"]
[PlyCount "82"]
[EventDate "2009.07.04"]
[EventType "swiss"]
[EventRounds "9"]
[EventCountry "FRA"]
[Source "Mark Crowther"]
[SourceDate "2009.07.13"]

1. d4 Nf6 2. c4 c5 3. d5 b5 4. cxb5 a6 5. bxa6 g6 6. Nc3 Bxa6 7. g3 d6 8. Bg2
Bg7 9. Nf3 Nbd7 10. Rb1 Nb6 11. b3 Bc8 12. Nh4 h6 13. Qd3 Qd7 14. O-O g5 15.
Nf3 Ba6 16. Qd2 Qf5 17. Bb2 Qg6 18. Rfe1 Ng4 19. e4 Nd7 20. Nd1 Nge5 21. Nxe5
Nxe5 22. Ne3 Bf6 23. Nf5 Bc8 24. Bxe5 Bxe5 25. Ne3 Ba6 26. b4 cxb4 27. Rxb4 O-O
28. Rc1 Rab8 29. Rc7 e6 30. a3 h5 31. Ra7 Ra8 32. Rxa8 Rxa8 33. Ra4 Qg7 34. Bf1
Bb7 35. Rxa8+ Bxa8 36. Qa5 Qf8 37. Nc4 Bd4 38. Nxd6 Kg7 39. e5 Bc5 40. Bc4 Bxa3
41. f4 Bb2 1-0

[Event "Ch-Paris Int"]
[Site "Coubertin FRA"]
[Date "2009.07.07"]
[Round "4"]
[White "Roser, K."]
[Black "Moussard, J."]
[Result "1-0"]
[WhiteElo "2431"]
[BlackElo "2292"]
[PlyCount "92"]
[EventDate "2009.07.04"]
[EventType "swiss"]
[EventRounds "9"]
[EventCountry "FRA"]
[Source "Mark Crowther"]
[SourceDate "2009.07.13"]

1. e4 c5 2. Nf3 d6 3. d4 cxd4 4. Nxd4 Nf6 5. Nc3 a6 6. Be2 e6 7. a4 Nc6 8. Be3
Be7 9. O-O O-O 10. f4 Qc7 11. Kh1 Re8 12. Bd3 Bd7 13. Qe1 Nb4 14. a5 e5 15.
fxe5 Ng4 16. Nf5 Bxf5 17. Bb6 Qd7 18. Rxf5 Nxe5 19. Qg3 Bf8 20. Raf1 g6 21. h3
Bg7 22. R5f2 Rac8 23. Rd1 Qe7 24. Bf1 h5 25. Rfd2 Rc6 26. Qf2 Nd7 27. Bd4 Bh6
28. Be3 Bxe3 29. Qxe3 Qe5 30. Ra1 Nc5 31. Re1 Rc7 32. Bc4 Ne6 33. Bd5 Nf4 34.
Bb3 g5 35. Qb6 Qxc3 36. Rd4 Nc6 37. Rxd6 Nxa5 38. Bd5 Rec8 39. Rd7 Kf8 40. Bxf7
h4 41. Rf1 Nc4 42. Bxc4 Rxc4 43. Rd5 Ke7 44. Rxg5 Ne2 45. Rb1 Ng3+ 46. Kg1 Ne2+
1-0

[Event "Ch-Paris Int"]
[Site "Coubertin FRA"]
[Date "2009.07.07"]
[Round "4"]
[White "Salaun, Y."]
[Black "Karavade, E."]
[Result "1/2-1/2"]
[WhiteElo "2329"]
[BlackElo "2386"]
[PlyCount "70"]
[EventDate "2009.07.04"]
[EventType "swiss"]
[EventRounds "9"]
[EventCountry "FRA"]
[Source "Mark Crowther"]
[SourceDate "2009.07.13"]

1. d4 Nf6 2. c4 g6 3. Nc3 d5 4. Bg5 Ne4 5. Bh4 Nxc3 6. bxc3 dxc4 7. e3 Be6 8.
Be2 Bg7 9. Nh3 Bxh3 10. gxh3 O-O 11. Rb1 Nd7 12. Rxb7 Qc8 13. Bf3 c5 14. Bxe7
Re8 15. Bd6 cxd4 16. cxd4 Nb6 17. Bg3 Qxh3 18. Bc6 Re6 19. Qf3 Rf6 20. Qg2 Qf5
21. O-O Rc8 22. d5 c3 23. e4 Qh5 24. e5 Rf3 25. Rxb6 axb6 26. d6 Rd3 27. d7 Rd8
28. Qe4 Qf5 29. Qxf5 gxf5 30. Rc1 Bh6 31. f4 Bf8 32. Bf2 Bc5 33. a4 R8xd7 34.
Bxd7 Rxd7 35. Rxc3 Rd1+ 1/2-1/2

[Event "Ch-Paris Int"]
[Site "Coubertin FRA"]
[Date "2009.07.07"]
[Round "4"]
[White "Fayard, A."]
[Black "Shirazi, K."]
[Result "0-1"]
[WhiteElo "2279"]
[BlackElo "2384"]
[PlyCount "87"]
[EventDate "2009.07.04"]
[EventType "swiss"]
[EventRounds "9"]
[EventCountry "FRA"]
[Source "Mark Crowther"]
[SourceDate "2009.07.13"]

1. d4 Nf6 2. c4 g6 3. Nc3 Bg7 4. e4 O-O 5. f3 d6 6. Be3 c5 7. dxc5 dxc5 8. Qxd8
Rxd8 9. Bxc5 Nc6 10. Nge2 Nd7 11. Be3 Nde5 12. Nf4 Nb4 13. Rd1 Nc2+ 14. Kf2
Rxd1 15. Nxd1 Nxe3 16. Nxe3 Nc6 17. b3 e6 18. Nc2 a5 19. Bd3 a4 20. b4 a3 21.
Rd1 Bf8 22. b5 Ne5 23. Be2 Be7 24. Ne3 Kf8 25. Nd3 Nd7 26. f4 Ke8 27. Bf3 Ra4
28. Rb1 e5 29. Bd1 Ra7 30. Nd5 Nc5 31. Nxe5 Nxe4+ 32. Ke3 Bc5+ 33. Kd3 Bf5 34.
Bc2 h5 35. Re1 Ng5+ 36. Kc3 Ne6 37. Nf6+ Ke7 38. Nxh5 Ra8 39. Rd1 Bd6 40. Ng3
Bc7 41. Nxf5+ Kf6 42. Ne3 Nxf4 43. Nd3 Re8 44. Nd5+ 0-1

[Event "Ch-Paris Int"]
[Site "Coubertin FRA"]
[Date "2009.07.07"]
[Round "4"]
[White "Sochacki, C."]
[Black "Sorbe, S."]
[Result "1-0"]
[WhiteElo "2274"]
[BlackElo "2365"]
[PlyCount "86"]
[EventDate "2009.07.04"]
[EventType "swiss"]
[EventRounds "9"]
[EventCountry "FRA"]
[Source "Mark Crowther"]
[SourceDate "2009.07.13"]

1. e4 c6 2. d4 d5 3. Nc3 dxe4 4. Nxe4 Bf5 5. Ng3 Bg6 6. h4 h6 7. Nf3 Nd7 8. h5
Bh7 9. Bd3 Bxd3 10. Qxd3 Qc7 11. Bd2 e6 12. O-O-O Ngf6 13. Ne4 O-O-O 14. g3
Nxe4 15. Qxe4 Nf6 16. Qe2 Rd5 17. Bf4 Bd6 18. Bxd6 Rxd6 19. Ne5 Rhd8 20. c3 Rd5
21. f4 c5 22. dxc5 Rxc5 23. Rxd8+ Kxd8 24. Rd1+ Ke7 25. c4 b5 26. b4 Rd5 27. c5
Rxd1+ 28. Qxd1 Nd5 29. Qd4 f6 30. Ng6+ Kf7 31. f5 Qc6 32. Qe4 Qa6 33. fxe6+
Qxe6 34. Qxe6+ Kxe6 35. Nf4+ Ke5 36. Nxd5 Kxd5 37. Kd2 a5 38. a3 axb4 39. axb4
Ke5 40. Ke3 f5 41. Kf3 Kd5 42. Kf4 Ke6 43. g4 Kf6 1-0

[Event "Ch-Paris Int"]
[Site "Coubertin FRA"]
[Date "2009.07.07"]
[Round "4"]
[White "Gomes, Mary"]
[Black "Strugnell, C."]
[Result "1-0"]
[WhiteElo "2332"]
[BlackElo "2280"]
[PlyCount "71"]
[EventDate "2009.07.04"]
[EventType "swiss"]
[EventRounds "9"]
[EventCountry "FRA"]
[Source "Mark Crowther"]
[SourceDate "2009.07.13"]

1. Nf3 Nf6 2. c4 g6 3. Nc3 d5 4. cxd5 Nxd5 5. e4 Nxc3 6. dxc3 Qxd1+ 7. Kxd1 f6
8. Bc4 e5 9. Be3 Nd7 10. Ke2 Bc5 11. h4 Bxe3 12. Kxe3 Nb6 13. Bb3 h5 14. a4 a5
15. Ne1 Ke7 16. Nd3 Be6 17. Bxe6 Kxe6 18. b3 Nd7 19. Rad1 b6 20. f4 c6 21. Rd2
Ke7 22. Rhd1 exf4+ 23. Kxf4 Nf8 24. Ke3 Ra7 25. Nf4 g5 26. Ne2 Ng6 27. Nd4 Ne5
28. Nf5+ Kf7 29. hxg5 fxg5 30. Rf1 Ng4+ 31. Ke2 Nf6 32. Rd6 Ne8 33. Rxc6 Rc7
34. Rxb6 Rxc3 35. e5 Nc7 36. Nh6+ 1-0

[Event "Ch-Paris Int"]
[Site "Coubertin FRA"]
[Date "2009.07.07"]
[Round "4"]
[White "Guliyev, N."]
[Black "Van Dongen, P."]
[Result "0-1"]
[WhiteElo "2555"]
[BlackElo "2344"]
[PlyCount "124"]
[EventDate "2009.07.04"]
[EventType "swiss"]
[EventRounds "9"]
[EventCountry "FRA"]
[Source "Mark Crowther"]
[SourceDate "2009.07.13"]

1. e4 c5 2. Nf3 d6 3. d4 cxd4 4. Nxd4 Nf6 5. Nc3 g6 6. Be2 Bg7 7. O-O Nc6 8.
Be3 O-O 9. Qd2 d5 10. exd5 Nxd5 11. Nxc6 bxc6 12. Rad1 Qc7 13. Bd4 e5 14. Bc5
Rd8 15. Rfe1 Be6 16. Bf1 e4 17. Nxe4 Nc3 18. Bd6 Nxd1 19. Bxc7 Rxd2 20. Nxd2
Nxb2 21. Nb3 a5 22. a3 Bd5 23. Be5 Nc4 24. Bxg7 Kxg7 25. a4 Nd6 26. f3 Rb8 27.
Nc5 Rb2 28. Bd3 Bc4 29. Bxc4 Nxc4 30. Re2 Ra2 31. Kf2 Nb6 32. c3 Ra3 33. Re7
Nxa4 34. Ne4 Nxc3 35. Nd6 Ra2+ 36. Kg3 Ne2+ 37. Kh4 Kf6 38. Re4 g5+ 39. Kh5
Nf4+ 40. Kh6 Ne6 41. Rg4 Rb2 42. Ne4+ Ke7 43. Nxg5 Rb4 44. Re4 Rxe4 45. Nxe4 a4
46. Nc3 a3 47. Kxh7 Kd6 48. h4 Kc5 49. h5 Kc4 50. Na2 Kb3 51. Kg8 Kxa2 52. h6
Ng5 53. f4 Nh7 54. Kxh7 Kb1 55. Kg8 a2 56. h7 a1=Q 57. g4 c5 58. f5 c4 59. g5
c3 60. h8=Q Qa8+ 61. Kg7 Qxh8+ 62. Kxh8 c2 0-1

[Event "Ch-Paris Int"]
[Site "Coubertin FRA"]
[Date "2009.07.07"]
[Round "4"]
[White "Mayaud, R."]
[Black "Rathnakaran, K."]
[Result "0-1"]
[WhiteElo "2230"]
[BlackElo "2428"]
[PlyCount "52"]
[EventDate "2009.07.04"]
[EventType "swiss"]
[EventRounds "9"]
[EventCountry "FRA"]
[Source "Mark Crowther"]
[SourceDate "2009.07.13"]

1. d4 Nf6 2. Bg5 e6 3. e3 Be7 4. Nd2 b6 5. Ngf3 Bb7 6. Bd3 d5 7. Bxf6 Bxf6 8.
Qe2 c5 9. c3 Nc6 10. a4 O-O 11. h4 Re8 12. Ne5 Nxe5 13. dxe5 Bxe5 14. Qh5 f5
15. f4 Bf6 16. Nf3 g6 17. Qh6 Bg7 18. Qg5 Qxg5 19. hxg5 e5 20. Bb5 exf4 21.
Bxe8 Rxe8 22. O-O-O fxe3 23. Kc2 d4 24. cxd4 cxd4 25. Rhe1 Be4+ 26. Kb3 d3 0-1